Tous les arrêts du reseau TAN-Lignes 36 à 85 - Statistiques

Statistiques générales
  • Ce quiz a été pris 3 fois
  • Le résultat moyen est 65 sur 475
Statistiques - réponses
Hint Réponse % Correct
3,38,97 8 Mai
67%
81 Abbé Chérel
33%
77 Adrienne Bolland
33%
38,Na Aéroport
33%
38 Aérospatiale
33%
80,87 Aiguillon
33%
38 Airbus
33%
36,78,88,E8 Allende
33%
C6,59 Ambroise Paré
33%
85 Ampère (Carquefou)
33%
66,86,E5 Ampère (La Chapelle)
33%
26,54 Anatole France
33%
47,97 Angebardière
33%
50,54 Angevinière
33%
77 Antares
33%
23,59,81,91 Aquitaine
33%
85 Arago
33%
59 Arbois
33%
50,91 Arcades
33%
75,85 Aristide Briand
33%
C3,50,93 Armor
33%
69 Armoricaine
33%
79 Aulne
33%
59 Aurore
33%
50 Aveneaux
33%
79 Avenue des Pins
33%
66,Ter Babinière
33%
71 Bac de Couëron
33%
78 Bac du Pellerin
33%
50 Bagatelle
33%
3,38 Balinière
33%
47 Barbinière
33%
50,79 Baronnière
33%
C1,C20,10,81,N2 Bas-Chantenay
33%
C9,60 Basse-Goulaine
33%
36 Basse Ile
33%
50,81 Basse-Indre
33%
71 Basse Orévière
33%
47 Bastière
33%
36,78,88 Bastille
33%
C6,75 Batignolles
33%
59,89 Baudelaire
33%
1,C6,75 Beaujoire
33%
50 Beauregard
33%
3,C20,12,59,79,89 Beauséjour
33%
78 Beau Soleil
33%
36,78 Beauvoir
33%
50,69,89 Beillevaire
33%
77 Belle Etoile
33%
80 Bellevue
33%
C20,40 Belloc
33%
80,87 Bénélux
33%
50 Bergerie
33%
C20,40 Bernanos
33%
36,78,88 Bougon
33%
47,97 Boulevard des Sports
33%
77 Boulodrome
33%
81 Bourgonnière
33%
47 Bourrelière
33%
59 Bout des Landes
33%
47 Boutière
33%
59,89 Bouvernière
33%
36 Bouvre
33%
71 Brétinais
33%
38 Brossais
33%
47 Butte des Landes
33%
50 Buzardières
33%
36 Caboteurs
33%
80,87 Cadoire
33%
30,36 Californie
33%
69 Capitaine Grant
33%
77 Castorama
33%
36 Centaure
33%
36 Centre de Bouguenais
33%
78,88,E8 Château d'Aux
33%
C4,C9,27,28,36,38 Châtelets
33%
36 Châtellier
33%
77,80,85 Chemin Rouge
33%
77 CIFAM
33%
38 Claire Roman
33%
50,91 Clos Ami
33%
50 Closeaux
33%
78 Clos Roux
33%
1,2,3,C2,C3,11,26,54,Na Commerce
33%
78 Coteaux
33%
36,88 Croix Jeannette
33%
77,85 Danemark
33%
85 Danube
33%
77 Davum
33%
36,78,88 Bastille
33%
36 Houmaille
33%
42 Palmiers
33%
59 Picabia
33%
71 Dolto
33%
78 Écoles
33%
81 Embarcadère
33%
77 Europe
33%
69 François Baudry
33%
71 François II
33%
1,50,71,93 François Mitterand
33%
79 Frébaudière
33%
C1,C20,10,81,E1,Ter Gare de Chantenay
33%
79 Garettes Landreau
33%
59 Garotterie
33%
36,78,88 Gautellerie
33%
78,E8 Gillarderie
33%
77 Grande-Bretagne
33%
4,C4,C9,27,28,36,38,E8 Greneraie
33%
50,71 Grimm
33%
1,C1,23,77,80,85,95,Ter Haluchère Batignolles
33%
36 Haute Ile
33%
81 Haute-Indre
33%
85 IUT
33%
77 Jacqueline Auriol
33%
77 Japy
33%
71 Lac de Beaulieu
33%
69 La Ferme
33%
77 La Hache
33%
78 La Montagne
33%
77 Lefeuvre
33%
78,E8 Le Pellerin
33%
79 Les Anges
33%
69 Les Bauches
33%
38,98 Lindbergh
33%
71 Lionnière
33%
77 Louis Breguet
33%
59 Louise Michel
33%
59 Magnoliers
33%
79,89 Mail
33%
79 Maillardière
33%
36 Mairie de Bouguenais
33%
79,89 Mairie d'Orvault
33%
77 Maison Neuve
33%
77 Malraux
33%
3,50,54 Marcel Paul
33%
71 Millepertuis
33%
77,85 Moinet
33%
42 Moulin
33%
69 Moulin Brûlé
33%
71 Moulin Hérel
33%
3,36,40,78,88 Neustrie
33%
85 NIagara
33%
71 Noë Allais
33%
42 Oliveraie
33%
79 Orvault
33%
78,88 Paimboeuf
33%
36 Paix
33%
85 Parc
33%
36,78,88 Parc de la Bouvre
33%
79,89 Patache
33%
78 Petit Bois
33%
71 Petit Village
33%
36,78,88 Piano'cktail
33%
36 Pierre Blanche
33%
2,3,C4,C9,27,28,36,38,42,E8 Pirmil
33%
36 Platière
33%
69 Plessis
33%
71 Pluchets
33%
C6,59 Polyclinique
33%
81 Pont Allard
33%
59 Pont de Chézine
33%
47,97 Portereau
33%
36,78 Pottier
33%
59 Poulenc
33%
59 Praudière
33%
59 Preux
33%
71 Primevères
33%
81 Quai Brunais
33%
78 Ravardière
33%
77 Renault
33%
59 Reynière
33%
38 Saint-Exupéry
33%
81 Saphirs
33%
71 Sartre
33%
81 Savonnières
33%
77,85 Sercel
33%
42 Sèvres
33%
3,50,54 Sillon de Bretagne
33%
71 Sinière
33%
50 Solvardière
33%
36 Sorin
33%
85 Souchais
33%
85 Souchais École
33%
77 Syrma
33%
36 Tabarly
33%
36 Terre Neuvas
33%
78 Tertre
33%
81 Tougas
33%
78,E8 Tour Eiffel
33%
80 Tréca
33%
30,36,97 Trentemoult
33%
69 Val du Cens
33%
77 Véga
33%
81 Verdure
33%
38 Bélouga
0%
54,59 Bergeronettes
0%
42,E4 Bignonnet
0%
81,91 Bodinières
0%
75 Boisbonne
0%
C20,81 Bois Hardy
0%
78 Bois Jaulin
0%
79,89 Bois Raguennet
0%
C20,81 Bougainville
0%
C3,59 Boulevard Charles Gautier
0%
10,54 Boulevard des Anglais
0%
4,30,42 Bourdonnières
0%
79 Bourgogne
0%
C2,C20,59,86,96 Bout des Pavés
0%
54,59 Bouvardière
0%
71 Bressoneau
0%
78 Briandière
0%
75 Brouillard
0%
C7,77 Buissonière
0%
C20,81 Carrière Misery
0%
71 Carterons
0%
42 Cassegrain
0%
42 Cauqueluchon
0%
75,85,95,E5 Centre de Carquefou
0%
67 Centre de Mauves
0%
C7,67,77 Centre de Thouaré
0%
C9,27,60 Chalonges
0%
47 Champonnière
0%
C6,75 Chantrerie Grandes Écoles
0%
28,42,60,97,E4 Chapeau Berger
0%
4,42 Chapeau Verni
0%
75,95,E5 Charbonneau
0%
50,79 Charmille
0%
80 Chassay
0%
78,E8 Chat qui Guette
0%
50,89 Cheverny
0%
67 Chinon
0%
47 Choblèterie
0%
50 Cholière
0%
C20,59 Cimetière Gaudinière
0%
78 Cimetière La Montagne
0%
75 Cimetière Saint-Joseph
0%
C3,59 Claude Bernard
0%
C7,67 Clémencière
0%
80,85 Clétras
0%
78 Clotais
0%
47 Clouet
0%
50,93 Cochardières
0%
59,89 Congo
0%
50,89 Conraie
0%
81 Corlay
0%
81 Cormerais
0%
79 Corniche
0%
71,E1 Couëron Océan
0%
60 Coupries
0%
80,87 Courocerie
0%
79 Cravate
0%
47 Criport
0%
69 Croisy
0%
30,38 Croix de Rezé
0%
60 Croix des Fosses
0%
78,E8 Croix Turin
0%
38,98 D2A Aéroport
0%
50,81 Dayat
0%
C6,26,54 Delorme
0%
85 Désirade
0%
42,E4 Domaine
0%
67 Droitière
0%
50,93 Dumont d'Urville
0%
2,C20,66,75,80,E5 Ecole Centrale Audencia
0%
75 École Vétérinaire
0%
50 Einstein
0%
85 Épinay
0%
54 Equipement
0%
75,E5 Erdreau
0%
80,E5 Fac de Droit
0%
C20,80,E5 Fac de Lettres
0%
2,75 Facultés
0%
54 Fallières
0%
71,91 Faneurs
0%
C20,81,E1 Fardière
0%
3,79 Ferrière
0%
75,85,E5 Fleuriaye
0%
71 Fleurs
0%
80 Frégate
0%
47 Frémoire
0%
80 Frênes
0%
75 Gachet
0%
38 Galheur
0%
67,Ter Gare de Mauves
0%
27,42,Ter Gare de Vertou Nord
0%
42,60,Ter Gare de Vertou Sud
0%
50,81,Ter Gare d'Indre
0%
1,C20,81,E1,N1 Gare Maritime
0%
5,C2,C3,54,Na,Ter Gare Sud
0%
50,96 Géraudière
0%
80 Glacisol
0%
79 Gobinière
0%
47 Goldens
0%
42 Grammoire
0%
C20,54 Grand Carcouët
0%
26,66,75,80 Grande Censive
0%
47 Grande Noëlle
0%
47 Grassinnière
0%
C9,60 Grignon
0%
28,60 Grolerie
0%
C20,12,59 Grootaers
0%
60 Guerivières
0%
75 Guiblinière
0%
75 Guy Mollet
0%
C7,67 Halbarderie
0%
79 Hameau Fleuri
0%
C6,26,54 Harouys
0%
47 Haudrière
0%
47 Herbray
0%
C6,59 Hermeland
0%
2,3,C2,C3,54 Hôtel Dieu
0%
28,42,60,97 Ile de France
0%
50,93 Jacques Cartier
0%
38 Jaguère
0%
50,79,89 Jalière
0%
C20,81 Janvraie
0%
71,91 Jaunais
0%
50,81 Jean Bart
0%
59,89 Jeanne Bernard
0%
4,30,42 Joliverie
0%
81,91 Juiverie
0%
80 Jules Ferry
0%
38 Jules Vallès
0%
85 Jumelière
0%
77 Jupiter
0%
40,81 Koenig
0%
67 La Barre
0%
85 Ladoumergue
0%
80 La Garde
0%
78 La Marche
0%
47 Landas
0%
47 L'Angebert
0%
27,60 La Plée
0%
71,91 L'Arche
0%
27,42 Laurier Fleuri
0%
2,C2,50,59,89 Le Cardo
0%
67 Le Cellier
0%
38 Les Ailes
0%
69 Les Lions
0%
C2,50,59 Les Roches
0%
C2,C3,54,Na Lieu Unique
0%
47 Lilas
0%
C6,75 Linot
0%
80 Loire
0%
69 Lycée Rieffel
0%
85 Madeleine
0%
85 Mainguais
0%
75,95 Mairie de Carquefou
0%
50,91 Mairie de Saint-Herblain
0%
50,81 Mairie d'Indre
0%
23,59,81,91 Maison des Arts
0%
42 Maladerie
0%
47 Mandon
0%
85 Marché Commun
0%
85 Marquis de Dion
0%
60 Marzilles
0%
77 Matière
0%
67 Mazères
0%
85 Méditerranée
0%
38 Meliès
0%
1,C20,23,40,59,81,91 Mendès France Bellevue
0%
71,91,E1 Métairie
0%
79 Mimosas
0%
71 Minnoterie
0%
C6,26,54 Mondésir
0%
C2,C3,54 Monteil
0%
59 Morcquelière
0%
47,97 Morges
0%
47 Morlachère
0%
71 Mouettes
0%
33,38 Moulin à l'Huile
0%
85 Moulin Boisseau
0%
C6,75 Moulin de Porterie
0%
78 Moulin Rothard
0%
1,23,59 Neruda
0%
54,59,89 Nil
0%
85 Noë Blanche
0%
54,59 Noëlles
0%
47 Noë Rocard
0%
71 Noë Saint-Jean
0%
50,93 Océane
0%
71 Olivier
0%
60 Onchères
0%
36,97 Ordonneau
0%
2,50,79,89 Orvault Grand Val
0%
3,50,69,89 Orvault Morlière
0%
71 Pablée
0%
78 Pagerie
0%
60 Parc Bel Air
0%
75 Parc Chantrerie
0%
C7,77,87 Parc des Sports
0%
42 Pas d’Âne
0%
50,81 Pasteur
0%
47 Pâtis Viaud
0%
C20,59 Patouillerie
0%
47 Pégers
0%
81 Pelousière
0%
47 Perdriaux
0%
50 Petit Censive
0%
79 Petit Chantilly
0%
67 Petit Plessis
0%
80 Pétrels
0%
85 Picaudière
0%
67 Place Saint-Méen
0%
C7,77 Point du Jour
0%
C7,77,87 Pont de la Métairie
0%
C2,C20,59 Pont du Cens
0%
67 Pontreau
0%
3,C4,38 Pont Rousseau Martyrs
0%
50,66,75,86,E5 Porte de la Chapelle
0%
69 Porte de Sautron
0%
75 Porte Douilard
0%
47 Portillon
0%
75 Port la Blanche
0%
71 Port Launay
0%
36,78 Potier
0%
75 Potiron
0%
50 Poublot
0%
C7,77 Pré Poulain
0%
42 Printemps
0%
81 Purfina
0%
C9,60 Quintaine
0%
1,C6,23,80 Ranzay
0%
60 Razée
0%
2,26,66,75,80,86,E5 Recteur Schmitt
0%
47 Rédras
0%
47 Reigniers
0%
80,87 Reinetière
0%
23,59 Renan
0%
85 Renaudières
0%
2,C2,50,96 René Cassin
0%
42 Ripossière
0%
78 Roche Ballue
0%
81 Roche Maurice
0%
81 Rocher
0%
30,42 Roches Vertes
0%
C6,75 Roseraie
0%
60 Rouleaux
0%
C7,67 Rue de Mauves
0%
50,81 Rue d'Indre
0%
77 Sables d'Or
0%
26,54 Sageran
0%
47 Saint-Blaise
0%
42 Saint-Jacques
0%
78,E8 Saint-Jean de Boiseau
0%
C1,C3,C6,23,26,54 Saint-Nicolas
0%
69 Salentine
0%
C20,81 Salorges
0%
26,54 Sarradin
0%
42 | 54 Saupin
0%
69 Sautron
0%
75 Savaudière
0%
75,85,95,E5 Schweitzer
0%
30,36,97 Seil
0%
78 Stade
0%
54,59 Sully Prudhomme
0%
54 Suzanne Lenglen
0%
78 Télindière
0%
23,80 Terray
0%
67 Thébaudière
0%
54,89 Thébaudières
0%
C6,59 Tillay
0%
26,54 Toutes Joies
0%
60 Touzelles
0%
50,79 Tredegar
0%
C7,67 Trianon
0%
81 Usine à Gaz
0%
81 Usine Brûlée
0%
50,81 Vaillant
0%
C2,C20,59 Vallée
0%
54,59 Verlaine
0%
28,42,47,60,97,E4 Vertou
0%
78 Vieux Four
0%
23,59 Village Expo
0%
Aucun quiz correspondant
Distribution des résultats
% des personnes avec chaque résultat
Percentile par nombre de réponses
Votre historique - résultats
Vous n’avez pas pris ce quiz